Rozpoznaj województwo po obrazie - Statystyki

Ogólne statystyki
  • Ten quiz został rozwiązany 169 razy
  • Średni wynik to 15 z 16
Statystyki odpowiedzi
Obrazkowy Odpowiedź % Poprawnych
Wielkopolskie
99%
Pomorskie
98%
Kujawsko-Pomorskie
95%
Mazowieckie
94%
Śląskie
94%
Warmińsko-Mazurskie
94%
Zachodniopomorskie
94%
Podlaskie
93%
Małopolskie
92%
Podkarpackie
92%
Dolnośląskie
91%
Lubuskie
91%
Lubelskie
90%
Opolskie
90%
Świętokrzyskie
88%
Łódzkie
87%
Nie znaleziono quizów pasujących do podanych kryteriów
Rozkład punktacji
Procent ludzi z każdym wynikiem
Percentyl według liczby udzielonych odpowiedzi
Twoja historia wyników
Nie rozwiązałeś tego quizu